000 00697nam a22002172 4500
001 0000019238
005 20151217152149.0
008 101022s xx 000 0 eng d
020 _a0071701228 :
040 _aKABU
_cKABU
100 1 _aLehpamer, Harvey.
_@0000178902
245 1 0 _aMicrowave transmission networks :
_bplanning, design, and deployment /
_cHarvey Lehpamer.
250 _a2nd ed.
260 _aNew York :
_bMcGraw-Hill,
_c2010.
300 _axiv, 482 p.
650 0 _aMicrowave communication systems.
_@0000178903
650 0 _aData transmission systems.
_@0000156307
852 1 _9p10855 KES
908 _a101022
950 _@1
999 _c8890
_d8890